000 00634pab a2200205 454500
008 180718b2003 xxu||||| |||| 00| 0 eng d
100 _aDiwakara, H.
245 _aNegative impacts of emerging informal ground water markets in peninsular India: reduced local food security and unemployment
260 _c2003
300 _ap.90-105.
362 _aJan-Jun
650 _aUnemployment - India
650 _aFood supply - India
650 _aInformal sector - India
650 _aGroundwater - India
650 _aGroundwater
700 _aNagaraj, N.
773 _aJournal of Social and Economic Development
909 _a59043
999 _c59043
_d59043